000 00301nam a2200121Ia 4500
008 230627s9999 xx 000 0 und d
041 _aeng
082 _a342.540 26
_bRAI
100 _aRai K
245 _aConstitutional Law Of India
250 _a5ed.
260 _aAllahabad
_bCentral Law Agency
_c2003
999 _c702649
_d702649